000 00384nam a2200133Ia 4500
008 151001s9999||||xx |||||||||||||| ||und||
100 _aमधुराणी उभा वाचल्पती
245 _aअब्दुल गनी का हुक्का
250 _a1
260 _bलिट्रेसी
260 _c2003
300 _a212
365 _b21
999 _c981079
_d981076